Statistics for U.S. States by Population in 2070

Click here to take the quiz!

General Stats

  • This quiz has been taken 56 times
    (47 since last reset)
  • The average score is 16 of 18

Answer Stats

State2018 population2070 population% Change% Correct
New York19542209224700581498.22%
100%
Texas287018456214301011651.22%
97%
Florida21299325403658328951.70%
97%
California39557045547967763852.60%
97%
Georgia105194752198911610903.24%
95%
Arizona71716461691813013590.30%
95%
Illinois1274108013461457565.40%
92%
Pennsylvania12807060148782331617.21%
92%
Ohio1168944211422705-228.19%
92%
Nevada3034392872963118768.96%
89%
Virginia8517685137855136184.58%
89%
North Carolina103836202152310810727.94%
89%
Washington7535591141992478842.91%
86%
Indiana669187886801942971.24%
86%
Colorado56955641166668310483.81%
84%
Tennessee6770010112306246588.78%
84%
New Jersey89085209386796536.87%
84%
South Carolina508412794205758529.39%
62%

Score Distribution

Percentile by Number Answered

Percent of People with Each Score

Your Score History

You have not taken this quiz since the last reset